[Event "FRA-ch op-A"]
[Site "Marseille"]
[Date "2001.08.14"]
[Round "1"]
[White "Pieroni, Guillaume"]
[Black "Decosse, Jean Fabien"]
[Result "0-1"]
[WhiteElo "2038"]
[BlackElo "2167"]
[PlyCount "142"]
[EventDate "2001.08.13"]
[EventType "swiss"]
[EventRounds "11"]
[EventCountry "FRA"]
[SourceTitle "EXT 2002"]
[Source "ChessBase"]
[SourceDate "2001.11.25"]
[SourceVersion "1"]
[SourceVersionDate "2001.11.25"]
[SourceQuality "1"]

1. e4 d6 2. d4 g6 3. Nc3 c6 4. Nf3 Bg7 5. a3 Nf6 6. Be3 Nbd7 7. Bc4 e5 8. dxe5 dxe5 9. Qd6 Qe7 10. 0-0-0 Qxd6 11. Rxd6 Ng4 12. Bg5 Bf8 13. Rd2 f6 14. h3 Nh6 15. Bh4 Nf7 16. Kb1 Nd6 17. Be6 g5 18. Bg3 Nc5 19. Bxc8 Rxc8 20. Re1 Rd8 21. Red1 Nf7 22. Rxd8+ Nxd8 23. Nh2 h5 24. f3 Nce6 25. Ne2 Bc5 26. Nf1 Ke7 27. c3 Rg8 28. Nd2 Nf4 29. Nc1 Nxg2 30. Nd3 Bb6 31. Nc4 Ne3 32. Nxe3 Bxe3 33. Bf2 Bxf2 34. Nxf2 Ne6 35. Kc2 Nf4 36. Rg1 h4 37. Rh1 Rd8 38. Rd1 Rxd1 39. Kxd1 Ke6 40. Kd2 f5 41. c4 fxe4 42. fxe4 a5 43. c5 a4 44. Kc3 Ne2+ 45. Kb4 Nf4 46. Kxa4 Nxh3 47. Nxh3 g4 48. Nf2 g3 49. Nh3 Kf6 50. Ka5 Kg6 51. Kb6 Kh5 52. Kxb7 Kg4 53. Ng1 h3 54. Nxh3 Kxh3 55. Kxc6 g2 56. b4 g1Q 57. b5 Qd4 58. b6 Qxe4+ 59. Kc7 Qh7+ 60. Kd6 Qb7 61. Kxe5 Qc6 62. Kd4 Kg3 63. a4 Qxa4+ 64. Kd5 Qd7+ 65. Kc4 Qc6 66. Kb4 Kf4 67. Ka5 Qxc5+ 68. Ka6 Qc6 69. Ka7 Qc5 70. Ka6 Qa3+ 71. Kb5 Qa8 0-1